| 000 | 00822njm a2200289Ia 4500 | ||
|---|---|---|---|
| 001 | 26039 | ||
| 003 | IT-RoPAU | ||
| 005 | 20220918181110.0 | ||
| 008 | 131025s9999 xx 000 0 und d | ||
| 040 | _aIT-RoPAU | ||
| 040 | _cIT-RoPAU | ||
| 041 | _aITALIANO | ||
| 999 |
_c98904 _d98904 |
||
| 999 | _bn.d. | ||
| 100 |
_aIannuzzi Vincenzo _9431 |
||
| 100 |
_eAutore testo _915337 |
||
| 100 |
_gCodice autore testo SPICS: 5358 _915338 |
||
| 245 | _aVita il dono più grande (La) | ||
| 250 | _a1a ed. | ||
| 260 | _aALBANO | ||
| 260 | _bEP - MUSICALI E DISCOGRAFICHE | ||
| 300 | _aDISCO | ||
| 500 | _aParlato. Inchiesta | ||
| 505 | _aInchiesta su "La vita: il dono più grande" | ||
| 650 |
_aPARLATO [DISCHI] _eCodice MATERIA SPICS: 9950 _915339 |
||
| 700 |
_aAndreoli Carlo _eAutore _gCodice autore SPICS: 9904 _915340 |
||
| 942 |
_cMD _2ddc |
||